[Event "Jesenik op-A"]
[Site "Jesenik"]
[Date "2024.08.25"]
[Round "9"]
[White "Sprinar, Michal"]
[Black "Dukic, Zachary"]
[Result "1/2-1/2"]
[WhiteElo "1901"]
[BlackElo "2244"]
[PlyCount "101"]
[EventDate "2024.08.17"]
[EventType "swiss"]
[EventRounds "9"]
[EventCountry "CZE"]
[SourceTitle "CBM 221 Extra"]
[Source "ChessBase"]
[SourceDate "2024.09.30"]
[SourceVersion "1"]
[SourceVersionDate "2024.09.30"]
[SourceQuality "1"]

1. e4 d6 2. d4 Nf6 3. Nc3 e5 4. dxe5 dxe5 5. Qxd8+ Kxd8 6. Bg5 Be6 7. 0-0-0+ Kc8 8. g3 Bb4 9. Bxf6 gxf6 10. Bh3 Bxc3 11. bxc3 a5 12. f4 Ra6 13. fxe5 Bxh3 14. Nxh3 fxe5 15. Rd5 f6 16. Rhd1 Rc6 17. Rxa5 Rxc3 18. Rf1 Rc6 19. Nf2 Na6 20. Ng4 h5 21. Rxf6 hxg4 22. Rxc6 bxc6 23. Rxa6 Kd7 24. Ra3 Rxh2 25. Rd3+ Kc8 26. Rd2 Rh1+ 27. Rd1 Rh3 28. Rd3 Kb7 29. Rb3+ Ka6 30. a3 c5 31. a4 c6 32. Rb8 Rxg3 33. Re8 Ka5 34. Rxe5 Kb4 35. a5 c4 36. a6 Ra3 37. Rg5 Rxa6 38. Kd2 c3+ 39. Kd3 Ra1 40. Rxg4 Rd1+ 41. Ke3 Ka3 42. Rg2 Kb2 43. Re2 Rc1 44. Kd3 Rd1+ 45. Ke3 Kc1 46. e5 Rd2 47. e6 Kd1 48. Rxd2+ cxd2 49. e7 Kxc2 50. e8Q d1Q 51. Qxc6+ 1/2-1/2

[Event "Pardubice Czech op-E 34th"]
[Site "Pardubice"]
[Date "2023.07.13"]
[Round "1"]
[White "Drahorad, Daniel"]
[Black "Sprinar, Michal"]
[Result "1/2-1/2"]
[WhiteElo "1961"]
[BlackElo "1624"]
[PlyCount "61"]
[EventDate "2023.07.13"]
[EventType "team-swiss"]
[EventRounds "7"]
[EventCountry "CZE"]
[SourceTitle "CBM 215 Extra"]
[Source "ChessBase"]
[SourceDate "2023.09.30"]
[SourceVersion "1"]
[SourceVersionDate "2023.09.30"]
[SourceQuality "1"]
[WhiteTeam "Turnov Zikuda II"]
[BlackTeam "Lipky HK"]
[WhiteTeamCountry "CZE"]
[BlackTeamCountry "CZE"]

1. e4 e6 2. d4 d5 3. Nc3 Bb4 4. e5 c5 5. a3 Bxc3+ 6. bxc3 Ne7 7. Nf3 Qc7 8. Bd3 b6 9. 0-0 h6 10. Re1 Ba6 11. Bxa6 Nxa6 12. Qe2 Qb7 13. Qb5+ Nc6 14. Be3 Nc7 15. Qb2 cxd4 16. cxd4 0-0 17. Qc1 Kh7 18. Qd2 Rac8 19. Qd3+ Kh8 20. Qd2 Kh7 21. Qd3+ Kh8 22. Nh4 Ne8 23. f4 Qe7 24. g3 g6 25. Nxg6+ fxg6 26. Qxg6 Rf7 27. Qxh6+ Rh7 28. Qg6 Ng7 29. Qd3 Nf5 30. Bf2 Rg8 31. Kh1 1/2-1/2

[Event "EU Union-ch U12 17th"]
[Site "Mureck"]
[Date "2019.08.05"]
[Round "6"]
[White "Doersieb, Bianca"]
[Black "Sprinar, Michal"]
[Result "0-1"]
[WhiteElo "901"]
[BlackElo "1163"]
[PlyCount "116"]
[EventDate "2019.07.31"]
[EventType "swiss"]
[EventRounds "9"]
[EventCountry "AUT"]
[SourceTitle "EXT 2020"]
[Source "ChessBase"]
[SourceDate "2019.10.17"]
[SourceVersion "1"]
[SourceVersionDate "2019.10.17"]
[SourceQuality "1"]

1. e4 c5 2. Nf3 Nc6 3. Bc4 d6 4. Ng5 e6 5. d3 h6 6. Nf3 Nf6 7. 0-0 g6 8. b3 Bg7 9. Bb2 0-0 10. h3 a6 11. Re1 b5 12. Bxe6 Bxe6 13. c4 Qb6 14. a4 Rab8 15. Nbd2 Nb4 16. Re3 Bd7 17. a5 Qb7 18. d4 Nc6 19. d5 Na7 20. e5 dxe5 21. Bxe5 Rbe8 22. Bb2 Rxe3 23. fxe3 Re8 24. Qe2 bxc4 25. Nxc4 Qxd5 26. Rd1 Qe6 27. Nb6 Bb5 28. Nc4 Bxc4 29. bxc4 Qxe3+ 30. Qxe3 Rxe3 31. Rd8+ Kh7 32. Kf2 Rb3 33. Bxf6 Bxf6 34. Rd7 Rb2+ 35. Kg3 Kg7 36. Rxa7 Ra2 37. Rxa6 Bd8 38. Rc6 Rxa5 39. Nd2 Ra3+ 40. Nf3 Be7 41. Kf2 Rc3 42. Ne5 Bf6 43. Rxc5 Bxe5 44. Rxe5 Rxc4 45. Kg3 g5 46. Ra5 Kg6 47. Ra6+ f6 48. Kf3 h5 49. Ra3 g4+ 50. hxg4 hxg4+ 51. Kg3 Kg5 52. Ra5+ f5 53. Ra3 f4+ 54. Kh2 Kh4 55. g3+ fxg3+ 56. Rxg3 Rc2+ 57. Rg2 g3+ 58. Kg1 Rc1# 0-1

[Event "EU Union-ch U12 17th"]
[Site "Mureck"]
[Date "2019.08.03"]
[Round "4"]
[White "Trummer, Alexander"]
[Black "Sprinar, Michal"]
[Result "1-0"]
[WhiteElo "1515"]
[BlackElo "1163"]
[PlyCount "89"]
[EventDate "2019.07.31"]
[EventType "swiss"]
[EventRounds "9"]
[EventCountry "AUT"]
[SourceTitle "EXT 2020"]
[Source "ChessBase"]
[SourceDate "2019.10.17"]
[SourceVersion "1"]
[SourceVersionDate "2019.10.17"]
[SourceQuality "1"]

1. e4 c5 2. Nf3 Nc6 3. d4 cxd4 4. Nxd4 g6 5. Nc3 Bg7 6. Be3 Nf6 7. Bc4 0-0 8. Bb3 e6 9. f3 a6 10. Qd2 Qc7 11. 0-0-0 b5 12. h4 h5 13. Nxc6 Qxc6 14. Bh6 Kh7 15. Bxg7 Kxg7 16. Qg5 a5 17. Qxb5 Qc7 18. Qg5 Ba6 19. Qd2 Rfb8 20. Qd6 Qc8 21. e5 Ne8 22. Qxd7 Qc5 23. Qd4 Qc7 24. Qe3 Bb5 25. Nxb5 Rxb5 26. a4 Rb4 27. Kb1 Rab8 28. Rd4 Qc5 29. Re4 Qxe3 30. Rxe3 Nc7 31. g3 Na6 32. Rc3 R8b7 33. Ka2 Nc7 34. Rc4 R4b6 35. Rb1 Nd5 36. Rc5 Nb4+ 37. Ka3 Nc6 38. Rd1 Ne7 39. g4 Nd5 40. Bxd5 exd5 41. b3 hxg4 42. fxg4 Rb4 43. Rg1 Re4 44. Rxd5 Rc7 45. c4 1-0

[Event "EU Union-ch U12 17th"]
[Site "Mureck"]
[Date "2019.08.02"]
[Round "3"]
[White "Sprinar, Michal"]
[Black "Flury, Luis"]
[Result "1-0"]
[WhiteElo "1163"]
[BlackElo "1365"]
[PlyCount "99"]
[EventDate "2019.07.31"]
[EventType "swiss"]
[EventRounds "9"]
[EventCountry "AUT"]
[SourceTitle "EXT 2020"]
[Source "ChessBase"]
[SourceDate "2019.10.17"]
[SourceVersion "1"]
[SourceVersionDate "2019.10.17"]
[SourceQuality "1"]

1. e4 e5 2. Nf3 Nc6 3. Bc4 Bc5 4. c3 Nf6 5. d4 exd4 6. cxd4 Bb4+ 7. Bd2 Nxe4 8. Bxb4 Nxb4 9. Qb3 Qe7 10. 0-0 0-0 11. Re1 c6 12. d5 cxd5 13. Bxd5 Nxd5 14. Qxd5 Nf6 15. Qd4 Qd8 16. Nc3 d5 17. Rad1 Be6 18. Ng5 Re8 19. Nxe6 Rxe6 20. Rxe6 fxe6 21. Qe5 Qb6 22. h3 Re8 23. g4 Qxb2 24. Rb1 Qd2 25. Rxb7 d4 26. Qc7 Qg5 27. Ne4 Qg6 28. Nxf6+ Qxf6 29. Rb8 Rxb8 30. Qxb8+ Qf8 31. Qxa7 Qd6 32. Qa8+ Kf7 33. Qf3+ Kg8 34. Qd3 e5 35. Qc4+ Kf8 36. Qc8+ Ke7 37. Qb7+ Kf6 38. Qf3+ Ke6 39. Qf5+ Ke7 40. Qg5+ Qf6 41. Qxf6+ gxf6 42. f3 Kd6 43. Kf2 Kc5 44. Ke2 Kb4 45. Kd3 Ka3 46. f4 Kxa2 47. fxe5 fxe5 48. h4 Kb3 49. g5 e4+ 50. Kxd4 1-0

[Event "EU Union-ch U12 16th"]
[Site "Mureck"]
[Date "2018.08.09"]
[Round "9"]
[White "Zogg, Alexander"]
[Black "Sprinar, Michal"]
[Result "1-0"]
[WhiteElo "1555"]
[BlackElo "1183"]
[PlyCount "45"]
[EventDate "2018.08.01"]
[EventType "swiss"]
[EventRounds "9"]
[EventCountry "AUT"]
[SourceTitle "CBM 186 Extra"]
[Source "ChessBase"]
[SourceDate "2018.08.24"]
[SourceVersion "1"]
[SourceVersionDate "2018.08.24"]
[SourceQuality "1"]

1. e4 e5 2. Nf3 Nf6 3. Nc3 Nc6 4. d4 Bb4 5. Bg5 Bxc3+ 6. bxc3 Qe7 7. d5 Nd8 8. Bd3 d6 9. h3 c6 10. c4 Bd7 11. a4 h6 12. Be3 Nh7 13. Qd2 f6 14. Nh4 g5 15. Ng6 Qg7 16. Nxh8 Qxh8 17. Qa5 Qf8 18. Bxa7 f5 19. f3 g4 20. exf5 gxf3 21. g4 Ng5 22. Kf2 e4 23. Rae1 1-0

[Event "EU Union-ch U12 16th"]
[Site "Mureck"]
[Date "2018.08.08"]
[Round "8"]
[White "Sprinar, Michal"]
[Black "Kuti, Oliver"]
[Result "1/2-1/2"]
[WhiteElo "1183"]
[BlackElo "1361"]
[PlyCount "99"]
[EventDate "2018.08.01"]
[EventType "swiss"]
[EventRounds "9"]
[EventCountry "AUT"]
[SourceTitle "CBM 186 Extra"]
[Source "ChessBase"]
[SourceDate "2018.08.24"]
[SourceVersion "1"]
[SourceVersionDate "2018.08.24"]
[SourceQuality "1"]

1. e4 e5 2. Nf3 Nc6 3. Bc4 Be7 4. Nc3 Nf6 5. d3 0-0 6. Qe2 d6 7. h3 Na5 8. Be3 Nxc4 9. dxc4 Be6 10. 0-0-0 Qe8 11. g4 Qc6 12. Nd5 Bxd5 13. exd5 Qa6 14. g5 Nd7 15. Kb1 Nb6 16. b3 c6 17. dxc6 bxc6 18. Qd2 Rab8 19. Bxb6 axb6 20. h4 Ra8 21. c3 Ra7 22. Rc1 Rfa8 23. Rc2 Qa3 24. Rb2 Qa5 25. h5 Qc5 26. g6 h6 27. gxf7+ Kxf7 28. Qc2 Kg8 29. Qd2 e4 30. Nd4 Bf6 31. Ne6 Qa5 32. Nd4 Bxd4 33. Qxd4 d5 34. cxd5 Qxd5 35. Qxd5+ cxd5 36. Rd1 Rd7 37. Rbd2 Rad8 38. a4 Kf7 39. b4 Kf6 40. a5 bxa5 41. bxa5 Rb8+ 42. Kc2 Rb5 43. c4 Rxa5 44. cxd5 Ke5 45. d6 Ra2+ 46. Kc3 Rxd2 47. Rxd2 Rxd6 48. Rxd6 Kxd6 49. Kd4 Ke6 50. Kxe4 1/2-1/2

[Event "EU Union-ch U12 16th"]
[Site "Mureck"]
[Date "2018.08.06"]
[Round "6"]
[White "Sprinar, Michal"]
[Black "Ragchaasuren, Boerte"]
[Result "1-0"]
[WhiteElo "1183"]
[BlackElo "1257"]
[PlyCount "85"]
[EventDate "2018.08.01"]
[EventType "swiss"]
[EventRounds "9"]
[EventCountry "AUT"]
[SourceTitle "CBM 186 Extra"]
[Source "ChessBase"]
[SourceDate "2018.08.24"]
[SourceVersion "1"]
[SourceVersionDate "2018.08.24"]
[SourceQuality "1"]

1. e4 e5 2. Nf3 Nc6 3. Bc4 Bc5 4. c3 Nf6 5. d4 exd4 6. cxd4 Bb4+ 7. Bd2 Nxe4 8. Bxf7+ Kxf7 9. Qb3+ d5 10. Bxb4 Re8 11. 0-0 Kg8 12. h3 Qf6 13. Qxd5+ Kh8 14. Qb3 Qg6 15. Re1 Be6 16. Qe3 Nxf2 17. Qxf2 Nxb4 18. Rc1 Nd3 19. Ne5 Qh6 20. Nxd3 Rf8 21. Qd2 Qh4 22. Qe3 Rae8 23. Rxc7 Bxa2 24. Ne5 Bxb1 25. Rxb1 Kg8 26. Qb3+ Kh8 27. Nf7+ Rxf7 28. Qxf7 Qxd4+ 29. Kh1 Rd8 30. Rf1 h6 31. Rxb7 a5 32. Qf4 Qd5 33. Rb8 Rxb8 34. Qxb8+ Kh7 35. Qf8 Qd4 36. Qf5+ Kh8 37. Qg6 Qd8 38. Rf7 Qg8 39. g4 a4 40. g5 a3 41. gxh6 Qa8+ 42. Kg1 Qb8 43. Qxg7# 1-0

[Event "EU Union-ch U12 16th"]
[Site "Mureck"]
[Date "2018.08.01"]
[Round "1"]
[White "Sprinar, Michal"]
[Black "Anand, Aryan"]
[Result "0-1"]
[WhiteElo "1183"]
[BlackElo "1575"]
[PlyCount "54"]
[EventDate "2018.08.01"]
[EventType "swiss"]
[EventRounds "9"]
[EventCountry "AUT"]
[SourceTitle "CBM 186 Extra"]
[Source "ChessBase"]
[SourceDate "2018.08.24"]
[SourceVersion "1"]
[SourceVersionDate "2018.08.24"]
[SourceQuality "1"]

1. e4 c5 2. Nf3 d6 3. d4 cxd4 4. Nxd4 Nf6 5. Nc3 a6 6. Bc4 e6 7. Be3 Be7 8. Qd2 Qc7 9. Bb3 b5 10. a3 Nc6 11. Rd1 Bb7 12. 0-0 0-0 13. Nf3 Na5 14. Qd3 Nxb3 15. cxb3 Qc6 16. Nd4 Qd7 17. h3 Rac8 18. Bg5 Nxe4 19. Bxe7 Nxc3 20. Bxf8 Nxd1 21. Bxd6 Nxb2 22. Qg3 Nd3 23. Rd1 Be4 24. Kf1 Nc5 25. Be5 Bg6 26. h4 f6 27. Bxf6 Ne4 0-1